|
|
|
|
| LEADER |
00774naa a2200193 i 4500 |
| 001 |
publ11700 |
| 005 |
20200226131822.0 |
| 008 |
170703s1990 hu o 0|| zxx d |
| 020 |
|
|
|a 0-08-040252-6
|
| 024 |
7 |
|
|a 1155385
|2 mtmt
|
| 040 |
|
|
|a SZTE Publicatio Repozitórium
|b hun
|
| 041 |
|
|
|a zxx
|
| 100 |
1 |
|
|a Csapó Benő
|
| 245 |
1 |
0 |
|a Integrating the development of the operational abilities of thinking and the transmission of knowledge
|h [elektronikus dokumentum] /
|c Csapó Benő
|
| 260 |
|
|
|a Pergamon Press
|b Oxford
|c 1990
|
| 300 |
|
|
|a 688
|
| 300 |
|
|
|a 85-94
|
| 490 |
0 |
|
|a Learning and instruction : European research in an international context
|v Vol. 2.2
|
| 856 |
4 |
0 |
|u http://publicatio.bibl.u-szeged.hu/11700/7/1990_Csapo_Integrating_development_of_operational.pdf
|z Dokumentum-elérés
|